Significante y sutura en el psicoanálisis / (Record no. 144375)

MARC details
000 -LEADER
campo de control de longitud fija 00569nam a2200181 4500
001 - NÚMERO DE CONTROL
campo de control 144375
003 - IDENTIFICADOR DE NÚMERO DE CONTROL
campo de control ES-MaACL
005 - FECHA Y HORA DE LA ÚLTIMA TRANSACCIÓN
campo de control 20230906201014.0
007 - CAMPO FIJO DE DESCRIPCIÓN FÍSICA--INFORMACIÓN GENERAL
campo de control de longitud fija t|
008 - DATOS DE LONGITUD FIJA--INFORMACIÓN GENERAL
campo de control de longitud fija 070214s1973 ag r ||||1| spa d
245 00 - MENCIÓN DEL TÍTULO
Título Significante y sutura en el psicoanálisis /
Mención de responsabilidad, etc. Jacques Lacan [et. al.] ; traducción de Marco Aurelio Galmarini.
250 ## - MENCION DE EDICION
Mención de edición 1ª. ed.
260 ## - PUBLICACIÓN, DISTRIBUCIÓN, ETC.
Lugar de publicación, distribución, etc. Buenos Aires :
Nombre del editor, distribuidor, etc. Siglo Ventiuno,
Fecha de publicación, distribución, etc. 1973.
300 ## - DESCRIPCIÓN FÍSICA
Extensión 84 p. ;
Dimensiones 18 cm.
700 1# - ENTRADA AGREGADA--NOMBRE PERSONAL
Nombre de persona Lacan, Jacques.
9 (RLIN) 69324
700 1# - ENTRADA AGREGADA--NOMBRE PERSONAL
Nombre de persona Galmarini, Marco Aurelio.
9 (RLIN) 53654
852 ## - LOCALIZACIÓN
Ubicación ES-MaACL
Número de control de estantería E-8684
Sublocalización o colección R.93001
Holdings
Estatus retirado Estado de pérdida Estado de daño No para préstamo Biblioteca de origen Biblioteca actual Ubicación en estantería Fecha de adquisición Fuente de adquisición Total de préstamos Signatura topográfica completa Código de barras Visto por última vez Precio de reemplazo Tipo de ítem Koha
        Biblioteca del Ateneo de Madrid Biblioteca del Ateneo de Madrid Depósito 2 17/01/2008     E-8684 1150213 23/02/2023 23/02/2023 Libro impreso